African Geography By Letter R - Picture Quiz - Statistics

General Stats
  • This quiz has been taken 208 times
  • The average score is 8 of 18
Answer Stats
Picture Hint Answer % Correct
(country) Rwanda
99%
(animal) Rhinoceros
97%
(body of water) Red Sea
86%
(country) Republic of the Congo
72%
(former country) Rhodesia
71%
(currency) Rand
68%
(capital city) Rabat
65%
(city) Rosetta
54%
(island) Robben Island
53%
(overseas department) Reunion
52%
(currency) Rupee
34%
(largest region) Rio Muni
6%
{Rivers} State
6%
(animal) {Rock} Python
6%
(autonomous outer island) Rodrigues
6%
(animal) Reedbuck
2%
{Rufiji} River Basin
2%
(animal) Red Fody
0%
No matching quizzes found
Score Distribution
Percent of People with Each Score
Percentile by Number Answered
Your Score History
You have not taken this quiz